Industrial Psychology : Its Theoretical & Social Foundation (Record no. 1462)

MARC details
000 -LEADER
fixed length control field 00452nam a2200169Ia 4500
008 - FIXED-LENGTH DATA ELEMENTS--GENERAL INFORMATION
fixed length control field 221030s9999 xx 000 0 und d
020 ## - INTERNATIONAL STANDARD BOOK NUMBER
ISBN 8120310535
041 ## - LANGUAGE CODE
Language code of text/sound track or separate title
082 ## - DEWEY DECIMAL CLASSIFICATION NUMBER
Classification number 105.23
Item number Com
100 ## - MAIN ENTRY--AUTHOR NAME
Personal name M. L. Blum
245 #0 - TITLE STATEMENT
Title Industrial Psychology : Its Theoretical & Social Foundation
Statement of responsibility, etc by M. L. Blum, J. C. Naylor
260 ## - PUBLICATION, DISTRIBUTION, ETC. (IMPRINT)
Name of publisher PHI
Place of publication New Delhi
Year of publication 2001
300 ## - PHYSICAL DESCRIPTION
Number of Pages 613
650 ## - SUBJECT ADDED ENTRY--TOPICAL TERM
Topical Term BE Management
700 ## - ADDED ENTRY--PERSONAL NAME
Personal name J. C. Naylor
942 ## - ADDED ENTRY ELEMENTS (KOHA)
Koha item type Books
Holdings
Accession Number Cost, normal purchase price Full call number Price effective from Koha item type Withdrawn / writtenoff status Materials specified (bound volume or other part) Damaged status Not for loan Permanent Location Current Location Shelving location Date acquired Lost/ Missing status department
BE 5894 195.00 105.23 Com 10/30/2022 Books   Print     MIET Library, Jammu MIET Library, Jammu BL-Academic Block- A, FL-1, CUP-69, SH-5, R-5 08/09/2002   BE
BE 5895 195.00 105.23 Blu 10/30/2022 Books   Print     MIET Library, Jammu MIET Library, Jammu BL-Academic Block- A, FL-1, CUP-69, SH-5, R-5 08/24/2002   BE
BE 5896 195.00 105.23 Blu 10/30/2022 Books   Print     MIET Library, Jammu MIET Library, Jammu BL-Academic Block- A, FL-1, CUP-69, SH-5, R-5 08/24/2002   BE